000 01149nam a2200229Ia 4500
001 L852-36329
003 IT-CnALBA
008 170116s9999||||xx |||||||||||||| ||und||
040 _aIT-CnALBA
_cIT-CnALBA
041 _aITALIANO
100 _aMETASTASIO PIETRO, ABATE
245 0 _aMELODRAMMI DI METASTASIO. DIDONE ABBANDONATA. ATTILIO REGOLO
250 _a1a ed.
260 _a TO
_bUTET, UNIONE TIP. EDITR. TORINESE
_c1944 [1° Ed.:1944]
300 _a124 p. (prefazione: 44)
500 _aCON NOTE. CURATORE BERNARDI C., INTRODUZIONE. NOTA BIBLIOGRAFICA SULL'AUTORE. PERSONAGGI ALL'INIZIO DEI MELODRAMMI. ENEA DIDONE IARBA. SELENA. ARASPE. OSMIDA. REGOLO. MANLIO. PUBLIO. BARCE. LICINIO. AMILCARE.
501 _aSocietà San Paolo EM - Piazza San Paolo, 14 - 12051 ALBA (CN) (non commercial uses only) ® Copyright 2017
520 _aCON NOTE. CURATORE BERNARDI C., INTRODUZIONE. NOTA BIBLIOGRAFICA SULL'AUTORE. PERSONAGGI ALL'INIZIO DEI MELODRAMMI. ENEA DIDONE IARBA. SELENA. ARASPE. OSMIDA. REGOLO. MANLIO. PUBLIO. BARCE. LICINIO. AMILCARE.
650 _aLETTERATURA DRAMMATICA E COMMEDIA
942 _cBK
957 _71
999 _a41101
_bSI
_g Copie: 1
_c295136
_d295136